Steven Spielberg Movie Trivia - Statistics

General Stats
  • This quiz has been taken 81 times
  • The average score is 11 of 20
Answer Stats
Answer % Correct
Tom Hanks has been directed by Spielberg in 5 films. Which was the first? Saving Private Ryan
85%
Spielberg won his first Academy Award for Best Director for this film Schindler's List
81%
The Color Purple (1985) was nominated for 11 Academy Awards. How many did it win? 0
78%
1977 film starring Richard Dreyfuss Close Encounters of the Third Kind
78%
This actress was dubbed "Tinkerhell" because of difficulties with her on the set of Hook (1991) Julia Roberts
72%
Spielberg directed this film based on a Pulitzer Prize-winning novel by Alice Walker The Color Purple
70%
Spielberg oversaw post-production of which film by video link from the set of Schindler's List (1993)? Jurassic Park
63%
Christian Bale (The Prestige, Dark Knight Trilogy) made his film debut in which Spielberg-directed film? Empire of the Sun
61%
The main character of this film comes from the fictional country of Krakozhia The Terminal
61%
A.I. Artificial Intelligence (2001) was a project of this other famous director, who selected Spielberg to direct Stanley Kubrick
57%
The shark in Jaws (1975) was named after Spielberg's lawyer. What was the name? Bruce
52%
This Spielberg film marked the feature film debut of Dan Aykroyd 1941
50%
Spielberg's feature film directorial debut was... The Sugarland Express
48%
Released in 2016, this is the second film directed by Spielberg that features Mark Rylance The BFG
46%
Name the second Spielberg-directed feature film that was not scored by John Williams Bridge of Spies
43%
In Amistad (1997) Anthony Hopkins portrays which former U.S. president? John Quincy Adams
41%
In a deleted scene from E.T. the Extra Terrestrial (1982) this legendary actor makes a cameo appearance as a school principal Harrison Ford
39%
Which actor was the first to win an Academy Award for their role in a Spielberg-directed film? Daniel Day-Lewis
28%
On the set of this film Spielberg had to be rescued by the crew after falling into a muddy trench War Horse
26%
Name the lead character from Duel (1971) David Mann
17%
No matching quizzes found
Score Distribution
Percent of People with Each Score
Percentile by Number Answered
Your Score History
You have not taken this quiz